Statistics for Brazil by Picture

Click here to take the quiz!

General Stats

  • This quiz has been taken 192 times
    (78 since last reset)
  • The average score is 13 of 19

Answer Stats

Answer % Correct
Cristo Redentor
91%
Amazon
91%
Brasília
90%
Carnival
89%
Pelé
86%
Favelas
77%
Piranha
76%
Gisele Bündchen
73%
Jaguar
73%
Samba
71%
Ipanema
69%
Jair Bolsonaro
61%
Real
60%
Iguazu Falls
59%
Sugarloaf
53%
Ayrton Senna
51%
Estádio do {Maracanã}
49%
Caipirinha
40%
Feijoada
37%

Score Distribution

Percentile by Number Answered

Percent of People with Each Score

Your Score History

You have not taken this quiz since the last reset